| 000 | 00901cam a22002415a 4500 | ||
|---|---|---|---|
| 001 | L138514 | ||
| 008 | 070615s2005 xxk f 001 0 eng d | ||
| 020 | _a0727733966 | ||
| 035 | _a(Sirsi) u138514 | ||
| 041 | 0 | _aeng | |
| 050 | 0 | 4 | _a692.8 $2 18 |
| 100 | 1 | _aMitchell, Bronwyn | |
| 245 | 0 | 0 |
_aManaging reality _bbook 5 _bmanaging procedures |
| 260 |
_aLondon _bThomas Telford Ltd _c2005 |
||
| 300 |
_axvi, 70p. _c30cm. |
||
| 350 | _a25 | ||
| 505 | 2 | _aECC management: procedures | |
| 520 | _aFifth of a five part volume on managing the ECC contract brings together all aspects discussed in previous volumes. It gives step by step guidance on how to apply the most commonly used procedures, detailing the actions need by all parties to comply with the contract. | ||
| 651 | 4 |
_aUnited Kingdom _y |
|
| 690 | _aBUILT ENVIRONMENT-BUILDING CONTRACT FORMS | ||
| 700 | 1 | _aTrebes, Barry | |
| 942 | _n0 | ||
| 999 |
_c107188 _d107188 |
||